000 00744nam a2200277 i 4500
003 DO-SdBNP
005 20240703133839.0
007 ta
008 240703b2018 mx d|||| |||| 00| 0 spa d
040 _aDO-SdBNP
_bspa
_cBNPHU
_erda
082 4 _222
_bR295
100 _985862
245 1 0 _aRecetario :
_bsabores ancestrales
246 _aRecipe book :
_bancestral flavors
264 _aCiudad no identificada :
_bInicia,
_c2018.
300 _a75 páginas :
_bilustraciones ;
_c19 cm.
336 _2rdacontent
_atexto
_btxt
337 _2rdamedia
_asin mediación
_bn
338 _2rdacarrier
_avolumen
_bnc
590 _aInventariado, 2024/DG
700 _985863
700 _985864
700 _985865
910 _aDG
942 _2ddc
_cLBS1
999 _c57134
_d57134